Statistics for Formula 1 Tracks 2023

Click here to take the quiz!

General Stats

  • This quiz has been taken 127 times
  • The average score is 13 of 22

Answer Stats

Answer% Correct
Circuit de Monaco
83%
Las Vegas
80%
Autodromo Nazionale Monza
79%
Bahrain International Circuit
76%
Jeddah Corniche Circuit
70%
Circuit de Spa-Francorchamps
69%
Suzuka International Racing Course
69%
Circuit de Barcelona-Catalunya
67%
Hungaroring
63%
Miami International Autodrome
63%
Red Bull Ring
63%
Silverstone Circuit
61%
Autodromo Enzo e Dino Ferrari
59%
Yas Marina Circuit
57%
Circuit Zandvoort
56%
Autódromo Hermanos Rodríguez
52%
Circuit of The Americas
51%
Albert Park Circuit
45%
Marina Bay Street Circuit
43%
Circuit Gilles-Villeneuve
39%
Lusail International Circuit
36%
Autódromo José Carlos Pace
33%

Score Distribution

Percentile by Number Answered

Percent of People with Each Score

Your Score History

You have not taken this quiz